| 000 | 02810nam0a2200445 4500 | ||
|---|---|---|---|
| 001 | RU\NLR\BIBL_A\022704951 | ||
| 005 | 20260311082229.0 | ||
| 010 |
_9100 _a978-5-7508-2355-0 |
||
| 021 |
_aRU _bКН-П-25-072824 _9КН-П-25-7054 |
||
| 029 | 1 | 0 |
_aRU _b2.6.1.0359-24 _cМУ |
| 035 | _a(NLR Aleph) 022704951 | ||
| 090 |
_a13632977 _c13632977 |
||
| 100 | _a20260120d2025 k y0rusy50 ca | ||
| 101 | 0 | _arus | |
| 102 | _aRU | ||
| 105 | _ay l 000|y | ||
| 181 | 1 |
_ai _b e |
|
| 182 | 1 | _an | |
| 200 | 9 |
_aРадиационный контроль при эксплуатации радиоизотопных приборов _eМУ 2.6.1.0359-24 _fРазработаны ФБУН "Санкт-Петербургский научно-исследовательский институт радиационной гигиены имени профессора П.В. Рамзаева" Роспотребнадзора |
|
| 203 |
_aТекст _bвизуальный _cнепосредственный |
||
| 205 | _aИзд. офиц. | ||
| 210 |
_aМосква _cРоспотребнадзор _d2025 |
||
| 215 |
_a10, [1] с. _d21 |
||
| 225 | 1 | _a2.6.1. Гигиена. Радиационная гигиена. Ионизирующее излучение, радиационная безопасность | |
| 225 | 1 |
_aГосударственное санитарно-эпидемиологическое нормирование Российской Федерации _fФедеральная служба по надзору в сфере защиты прав потребителей и благополучия человека |
|
| 239 | _aВвед. 24.12.2024 | ||
| 320 | _aБиблиогр. в конце текста (6 назв.) | ||
| 517 | 1 | _aМУ 2.6.1.0359-24 | |
| 606 | 1 |
_aРадиоактивные приборы _xГигиена труда при работе с ними _jМетодические пособия _2nlr_sh1 _2nlr_sh2 _3RU\NLR\AUTH\66930479 |
|
| 606 | 1 |
_aРадиоактивные приборы _xЭксплуатация _xРадиационный контроль _jМетодические пособия _2nlr_sh2 _3RU\NLR\AUTH\6601766364 |
|
| 686 |
_v2000 _2oks |
||
| 686 | 1 | _aР126.459я8 | |
| 686 | 1 | _aР126.02я8 | |
| 712 | 0 | 1 |
_aРоссийская Федерация _bФедеральная служба по надзору в сфере защиты прав потребителей и благополучия человека _3RU\NLR\AUTH\8810073282 _4725 |
| 712 | 0 | 2 |
_aСанкт-Петербургский НИИ радиационной гигиены им. П. В. Рамзаева _3RU\NLR\AUTH\8810131242 _4900 |
| 942 | _cBOOK | ||
| 980 | _aNB | ||